000 00706nam a2200205Ia 4500
001 9375
003 GE_BSU
008 181216s||||||||xx |||||||||||||| ||und||
040 _cGE_BSU
080 _a821.353.1+821.353.1-11
100 _aმამფორია,ოთარ
245 _aლექსები და პოემები
245 _cრედ.ნ.იაშვილი.მხატვ. ლ.ღვინჯილია
260 _aთბილისი
260 _bსაბჭოთა საქართველო
260 _c1987
300 _a424გვ.1ფ.პორტრ.ილ.21სმ.
653 _aლექსები და პოემები
942 _cBK
999 _c42671
_d42671